000 01010nam a22002537a 4500
005 20080915150959.0
008 080915t xxu||||| |||| 00| 0 hin d
010 _aHIN-91434
020 _a9789380146539
_c100.00
035 _aHN-63780
037 _bDBAD / PUB
040 _aDPL
_bHN
082 _a822
100 _aजयवर्धन
_925136
245 _aझाँसी की रानी /
_cजयवर्धन
246 _aJhansi ki rani
_bby Jayyardhan
260 _aनई दिल्ली
_bकिताबघर प्रकाशन
_c2010
270 _a4855-56/24, अंसारी रोड, दरियागंज
_bनई दिल्ली
_e110002
300 _a83पृ
_c22 सेमी(सजिल्द)
650 _91169
_aहिन्दी नाटक
700 _925138
942 _adpl
_cHN
_2ddc
_mजयव
_h822
999 _c49631
_d49631